Statistics for F1 Standings/Points 2021

Click here to take the quiz!

General Stats

  • This quiz has been taken 30 times
  • The average score is 15 of 21

Answer Stats

HintAnswer% Correct
Robert Kubica
(Raced In Italian and Dutch GP's
Replacing Kimi Raikkonen)
0 Points
96%
Mick Schumacher0 Points
96%
Nikita Mazepin0 Points
96%
Kimi Raikkonen10 Points
92%
Antonio Giovinazzi3 Points
92%
Nicholas Latifi7 Points
92%
George Russell16 Points
79%
Yuki Tsunoda32 Points
71%
Pierre Gasly110 Points
67%
Daniel Ricciardo115 Points
67%
Sebastian Vettel43 Points
67%
Fernando Alonso81 Points
67%
Charles Leclerc159 Points
63%
Lando Norris160 Points
63%
Sergio Perez190 Points
63%
Valtteri Bottas226 Points
63%
Lance Stroll34 Points
63%
Max Verstappen395.5 Points
63%
Esteban Ocon74 Points
63%
Lewis Hamilton387.5 Points
58%
Carlos Sainz Jr.164.5 Points
50%

Score Distribution

Percentile by Number Answered

Percent of People with Each Score

Your Score History

You have not taken this quiz